• 首页
  • 本馆介绍
  • 公告通知
  • 最新文献
  • 馆藏检索
  • 电子资源
  • 读者导购
  • 参考咨询
  • 我的图书馆
  • 登录
  • 详细信息显示
  • 放入我的书架
  • 预约/预借图书
  • 作者相关作品
  • 分类相关作品
  • 丛书相关作品
  • 出版社相关作品

书目信息

  • 表格格式
  • 工作单格式
  • 卡片格式
题名:
因明论丛
    
 
作者: 剧宗林 著
分册:  
出版信息: 兰州   甘肃民族出版社  2010
页数: 393页
开本: 20cm
丛书名:
单 册:
中图分类: B81-093.51
科图分类:
主题词: DISPLAY逻辑
电子资源:
ISBN: 7-5421-1809-9
000 00558nam0 2200193 450
001 1157204560
005 20111121155443.81
010    @a7-5421-1809-9@dCNY28.00
100    @a20111121d2010 km y0chiy0120 ea
101 0  @achi
102    @aCN@b620000
200 1  @a因明论丛@Ayin ming lun cong@f剧宗林著@Fju zong lin zhu
210    @a兰州@c甘肃民族出版社@d2010
215    @a393页@d20cm
606 0  @aDISPLAY逻辑
690    @aB81-093.51@v4
701  0 @a剧宗林@Aju zong lin@4著
801  0 @aCN@b大连网信软件有限公司图书馆·11@c20111121
905    @aZUCC@dB81-093.51@e235
    
    因明论丛/剧宗林著.-兰州:甘肃民族出版社,2010
    393页;20cm
    
    
    ISBN 7-5421-1809-9:CNY28.00
    
●
相关链接 在E读中查询图书 在五车中查询图书 在当当中查询图书 在豆瓣中查询图书


正题名:因明论丛     索取号:B81-093.51/235         预约/预借

序号 登录号 条形码 馆藏地/架位号 状态 备注
1 0625495   206254952   第一样本阅览室/ [索取号:B81-093.51/235] 在馆    
2 0625496   206254961   第一借阅区/ [索取号:B81-093.51/235] 在馆    
3 0625497   206254970   第一借阅区/ [索取号:B81-093.51/235] 在馆    
唐山师范学院图书馆 欢迎您!
大连网信软件有限公司© 版权所有